000 00708nam a2200193Ia 4500
003 GCL
008 140319s9999 xx 000 0 ara d
040 _aGCL /
_cGCL
082 0 4 _aم
_b250.92
_bم م
100 1 _aالمقدسى , موفق الدين عبدالله
245 1 0 _aالمقنع فى فقة امام السنه احمد بن حنبل الشيبانى رضىالله عنه /
_cالمقدسى , موفق الدين عبدالله
260 _a[S.N] :
_bدار الكتب القومية
300 _aمتعدد
490 _aشكاوى المصرى الفصيح
_v0
650 0 4 _aالاسلام
650 0 4 _aالفقه الاسلامى
650 0 4 _aالديانات
942 _2ddc
_cREF
999 _c59313
_d59313